000 00397nam a2200181Ia 4500
005 20250603145918.0
008 250603s9999 xx 000 0 und d
020 _a978-1-85326-025-4
050 _aPA 4025 .A5 C4/
100 _aHomer
245 4 _aThe odyssey
260 _aLondon
260 _bWordsworth Classics
260 _c2002
300 _a488 p
650 _aLondon
942 _cBK
999 _c43221
_d43221